• 首页
  • 本馆介绍
  • 公告通知
  • 最新文献
  • 馆藏检索
  • 电子资源
  • 读者导购
  • 参考咨询
  • 我的图书馆
  • 登录
  • 详细信息显示
  • 放入我的书架
  • 预约/预借图书
  • 作者相关作品
  • 分类相关作品
  • 丛书相关作品
  • 出版社相关作品

书目信息

  • 表格格式
  • 工作单格式
  • 卡片格式
题名:
家畜环境与营养
    
 
作者: 蒋林树 , 陈俊杰 , 熊本海 主编
分册:  
出版信息: 北京   中国农业出版社  2018
页数: 297页
开本: 21cm
丛书名:
单 册:
中图分类: S851.2 , S816
科图分类:
主题词: 畜禽卫生--xu qin wei sheng--环境卫生学 , 家畜营养学--jia xu ying yang xue
电子资源:
ISBN: 978-7-109-25131-1
000 01062nam0 2200301 450
001 012001003709
005 20131105114623.0
010    @a978-7-109-25131-1@dCNY26.00
099    @aCAL 012019063266
100    @a20190403d2018 em y0chiy50 ea
101 0  @achi
102    @aCN@b110000
105    @aak a 000yy
106    @ar
200 1  @a家畜环境与营养@Ajia xu huan jing yu ying yang@f蒋林树, 陈俊杰, 熊本海主编
210    @a北京@c中国农业出版社@d2018
215    @a297页@c图@d21cm
320    @a有书目 (第297页)
330    @a本书从家畜环境与营养的基本概念、营养成分、家畜在不同生理阶段对营养的需求、环境因素对家畜营养的影响、环境改善对家畜生产的影响、畜牧场的环境保护与管理等多方面对其进行了系统论述。
606 0  @a畜禽卫生@Axu qin wei sheng@x环境卫生学
606 0  @a家畜营养学@Ajia xu ying yang xue
690    @aS851.2@v5
690    @aS816@v5
701  0 @a蒋林树@Ajiang lin shu@4主编
701  0 @a陈俊杰@Achen jun jie@4主编
701  0 @a熊本海@Axiong ben hai@4主编
801  0 @aCN@b上海新华@c20191020
905    @b1206356-9@dS851.2@e208@f4
    
    家畜环境与营养/蒋林树, 陈俊杰, 熊本海主编.-北京:中国农业出版社,2018
    297页:图;21cm
    
    
    ISBN 978-7-109-25131-1:CNY26.00
    本书从家畜环境与营养的基本概念、营养成分、家畜在不同生理阶段对营养的需求、环境因素对家畜营养的影响、环境改善对家畜生产的影响、畜牧场的环境保护与管理等多方面对其进行了系统论述。
●
相关链接 在E读中查询图书 在五车中查询图书 在当当中查询图书 在豆瓣中查询图书


正题名:家畜环境与营养     索取号:S851.2/208         预约/预借

序号 登录号 条形码 馆藏地/架位号 状态 备注
1 1206356   212063568   第二样本阅览室/ [索取号:S851.2/208] 在馆    
2 1206357   212063577   第三借阅区/ [索取号:S851.2/208] 在馆    
3 1206358   212063586   第三借阅区/ [索取号:S851.2/208] 在馆    
4 1206359   212063595   第三借阅区/ [索取号:S851.2/208] 在馆    
唐山师范学院图书馆 欢迎您!
大连网信软件有限公司© 版权所有